• 首页
  • 本馆介绍
  • 公告通知
  • 最新文献
  • 馆藏检索
  • 电子资源
  • 读者导购
  • 参考咨询
  • 我的图书馆
  • 登录
  • 详细信息显示
  • 放入我的书架
  • 预约/预借图书
  • 作者相关作品
  • 分类相关作品
  • 丛书相关作品
  • 出版社相关作品

书目信息

  • 表格格式
  • 工作单格式
  • 卡片格式
题名:
中国创新的挑战
    
 
作者: 乐文睿 , 肯尼 , 穆尔曼 主编
分册:  
出版信息: 北京   北京大学出版社  2016
页数: 12,364页
开本: 24cm
丛书名: 组织与管理书系
单 册:
中图分类: F204
科图分类:
主题词: 国家创新系统--guo jia chuang xin xi tong--研究--中国
电子资源:
ISBN: 978-7-301-27114-8
000 01321nam0 22003011 450
001 0119171249
005 20170619171249.0
010    @a978-7-301-27114-8@b精装@dCNY78.00
100    @a20160817d2016 em y0chiy50 ea
101 0  @achi
102    @aCN@b110000
105    @ay z 000yy
106    @ar
200 1  @a中国创新的挑战@9zhong guo chuang xin de tiao zhan@e跨越中等收入陷阱@dChina's innovation challenge@eovercoming the middle-income trap@f(美)乐文睿(Arie Y. Lewin)...(等)主编@zeng
210    @a北京@c北京大学出版社@d2016
215    @a12,364页@d24cm
225 2  @a组织与管理书系@9zu zhi yu guan li shu xi
330    @a本书从不同的角度阐述了中国创新面临的机遇和挑战、具有的优势和存在的不足,对于探索中国创新面临的挑战及难题、破解“中等收入陷阱”具有重要的指导意义。
461  0 @12001 @a组织与管理书系
510 1  @aChina's innovation challenge@eovercoming the middle-income trap@zeng
517 1  @a跨越中等收入陷阱@9kua yue zhong deng shou ru xian jing
606 0  @a国家创新系统@9guo jia chuang xin xi tong@x研究@y中国
690    @aF204@v5
701  0 @c(美)@a乐文睿@9le wen rui@c(Lewin, Arie Y.)@4主编
701  0 @c(美)@a肯尼@9ken ni@c(Kenney, Martin)@4主编
701  0 @c(美)@a穆尔曼@9mu er man@c(Murmann, Johann Peter)@4主编
801  0 @aCN@b百万庄@c20170616
905    @b1011945-50@dF204@e95@f6
    
    中国创新的挑战:跨越中等收入陷阱=China's innovation challenge:overcoming the middle-income trap/(美)乐文睿(Arie Y. Lewin)...(等)主编.-北京:北京大学出版社,2016
    12,364页;24cm.-(组织与管理书系)
    
    
    ISBN 978-7-301-27114-8(精装):CNY78.00
    本书从不同的角度阐述了中国创新面临的机遇和挑战、具有的优势和存在的不足,对于探索中国创新面临的挑战及难题、破解“中等收入陷阱”具有重要的指导意义。
●
相关链接 在E读中查询图书 在五车中查询图书 在当当中查询图书 在豆瓣中查询图书


正题名:中国创新的挑战     索取号:F204/95         预约/预借

序号 登录号 条形码 馆藏地/架位号 状态 备注
1 1011945   210119450   第一样本阅览室/ [索取号:F204/95] 在馆    
2 1011946   210119469   教育系资料室/ [索取号:F204/95] 在馆    
3 1011947   210119478   教育系资料室/ [索取号:F204/95] 在馆    
4 1011948   210119487   教育系资料室/ [索取号:F204/95] 在馆    
5 1011949   210119496   第一借阅区/ [索取号:F204/95] 在馆    
6 1011950   210119502   第一借阅区/ [索取号:F204/95] 在馆    
唐山师范学院图书馆 欢迎您!
大连网信软件有限公司© 版权所有